mysqli: Table './ulib62015/stat_globaluid' is marked as crashed and should be repaired
select id from stat_globaluid where statuid='20260517205437_3882'
mysqli: Table './ulib62015/stat_globaluid' is marked as crashed and should be repaired
DELETE FROM stat_globaluid
WHERE id NOT IN (
SELECT id
FROM (
SELECT id
FROM stat_globaluid
ORDER BY id DESC
LIMIT 100
) foo
);
mysqli: Table './ulib62015/stat_globaluid' is marked as crashed and should be repaired
insert into stat_globaluid set
statuid='20260517205437_3882',
dt='1779026077',
phpself='/ULIB62015/dublinfull.php',
agent='Mozilla/5.0 AppleWebKit/537.36 (KHTML, like Gecko; compatible; ClaudeBot/1.0; +claudebot@anthropic.com)',
yea='2026',
mon='5',
dat='17',
ip='216.73.216.45'
mysqli: Table './ulib62015/stathist_viewbib_bib_type' is marked as crashed and should be repaired
insert into stathist_viewbib_bib_type set
dat='17' ,
mon='05' ,
yea='2026' ,
statuid='20260517205437_3882' ,
head='13399120622' ,
foot='marc' ,
dt='1779026077'
| LEADER : 00000nam 2200000uu 4500 |
| 001 13399120622 |
| 003 ULIB |
| 008 130311s||||||||th 000 0 tha d |
| 020 ^a9786160813469
|
| 050 4 ^aQA76.9.C55^bพ161
|
| 100 0 ^aพงษ์พันธ์ ศิวิลัย
|
| 245 10 ^aSQL Server 2012 ฉบับสมบูรณ์ /^cพงษ์พันธ์ ศิวิลัย
|
| 260 ^aกรุงเทพฯ :^bซีเอ็ดยูเคชั่น,^c2556
|
| 300 ^a920 หน้า :^bภาพประกอบ
|
| 650 7 ^aเครื่องบริการเอสคิวแอล
|
| 650 7 ^aการจัดการฐานข้อมูล
|
| 650 7 ^aเอสคิวแอล (ภาษาคอมพิวเตอร์)
|
| 650 7 ^aไคลเอนต์/เซิร์ฟเวอร์
|
| 945 ^p0^l0^i020675 |
| 999 ^aยมมะณา จันทร์ฉิม
|
| คุณยังไม่ได้ล็อกอิน คุณสามารถมีกิจกรรมร่วมกับเว็บไซต์ได้ แต่ต้องล็อกอินก่อน :: |
|
|
|
| ลำดับที่ |
ประเภท |
เลขเรียก/บาร์โค้ด |
สถานที่ |
สถานะ |
| 1. |
 หนังสือ | QA76.9.C55 พ161 Barcode: 020675 | หนังสือทั่วไป | บนชั้น ขอยืม |
รายการใกล้เคียง
ผู้แต่ง [พงษ์พันธ์ ศิวิลัย]
หัวเรื่อง [เครื่องบริการเอสคิวแอล] หัวเรื่อง [การจัดการฐานข้อมูล] หัวเรื่อง [เอสคิวแอล (ภาษาคอมพิวเตอร์)] หัวเรื่อง [ไคลเอนต์/เซิร์ฟเวอร์]
|
|
ยังไม่เคยถูกคอมเมนท์
|
| คอมเมนท์ทรัพยากรรายการนี้ |
|